| 000 | 00530nam a2200169 a 4500 | ||
|---|---|---|---|
| 001 | 000025908 | ||
| 003 | DO-SdBNP | ||
| 005 | 20250411091353.0 | ||
| 008 | 110224s1987 dr 000 0 spa d | ||
| 040 |
_aDO-SdBNP _bspa _cBNPHU |
||
| 049 | _aBNPD | ||
| 100 | 1 |
_aCollado, Miguel A., _d1954- _924696 |
|
| 245 | 1 | 0 |
_aApuntes sobre la historia de las fiestas patronales del municipio de Jánico / _cMiguel Collado A. |
| 260 |
_aSanto Domingo : _b[s.n.], _c1987. |
||
| 300 |
_a1v. con varias paginaciones ; _c22 cm. |
||
| 942 |
_2ddc _cLBS1 |
||
| 999 |
_c25400 _d25400 |
||